[Event "Ruhrgebiet VL2 0910"]
[Site "Germany"]
[Date "2009.09.06"]
[Round "1.3"]
[White "Reichmann, Oleg"]
[Black "Steinke, Ruediger"]
[Result "1/2-1/2"]
[WhiteElo "2030"]
[BlackElo "1859"]
[PlyCount "65"]
[EventDate "2009.09.06"]
[EventType "team-tourn"]
[EventRounds "9"]
[EventCountry "GER"]
[SourceTitle "EXT 2011"]
[Source "ChessBase"]
[SourceDate "2010.11.26"]
[SourceVersion "1"]
[SourceVersionDate "2010.11.26"]
[SourceQuality "1"]
[WhiteTeam "Dortmund FS 98"]
[BlackTeam "Ickern"]
[WhiteTeamCountry "GER"]
[BlackTeamCountry "GER"]

1. d4 Nf6 2. c4 g6 3. Nc3 d5 4. cxd5 Nxd5 5. g3 Bg7 6. Bg2 Nxc3 7. bxc3 0-0 8. e3 c6 9. Ne2 Be6 10. 0-0 Bc4 11. Re1 Nd7 12. a4 e5 13. Rb1 Qc7 14. e4 Rad8 15. Bg5 f6 16. Be3 b6 17. Qc2 Rfe8 18. Red1 Nf8 19. Rb4 Bf7 20. Rdb1 Nd7 21. R4b2 Bc4 22. h4 Bf8 23. Rd1 Ba3 24. Rbb1 Nf8 25. Nc1 Rd7 26. Nb3 Red8 27. a5 b5 28. Nd2 Be6 29. a6 Be7 30. Qb2 Qc8 31. Ra1 Qb8 32. Rdc1 Qd6 33. Rcb1 1/2-1/2

[Event "Ruhrgebiet VK3 0708"]
[Site "Germany"]
[Date "2008.02.17"]
[Round "6.3"]
[White "Reichmann, Oleg"]
[Black "Mathea, Marc"]
[Result "1-0"]
[WhiteElo "2050"]
[BlackElo "1930"]
[PlyCount "51"]
[EventDate "2007.09.16"]
[EventType "team-tourn"]
[EventRounds "9"]
[EventCountry "GER"]
[SourceTitle "EXT 2009"]
[Source "ChessBase"]
[SourceDate "2008.11.26"]
[SourceVersion "1"]
[SourceVersionDate "2008.11.26"]
[SourceQuality "1"]
[WhiteTeam "Dortmund FS 98"]
[BlackTeam "RE Sued"]
[WhiteTeamCountry "GER"]
[BlackTeamCountry "GER"]

1. d4 Nf6 2. c4 g6 3. Nc3 Bg7 4. e4 d6 5. f3 Nc6 6. Be3 0-0 7. Qd2 e5 8. d5 Nd4 9. Nge2 Nxe2 10. Bxe2 Nd7 11. 0-0-0 f5 12. exf5 gxf5 13. g4 f4 14. Bf2 Rf7 15. Ne4 Nf8 16. h4 a6 17. Kb1 Bd7 18. Rc1 b6 19. Bd3 a5 20. h5 Bf6 21. g5 Bg7 22. Bh4 Qe8 23. Rcg1 Rf5 24. Nf6+ Bxf6 25. gxf6+ Kh8 26. Qg2 1-0

[Event "Ruhrgebiet VK3 0708"]
[Site "Germany"]
[Date "2007.09.16"]
[Round "1.3"]
[White "Reichmann, Oleg"]
[Black "Mueller, Marcus"]
[Result "1-0"]
[WhiteElo "2050"]
[BlackElo "1754"]
[PlyCount "37"]
[EventDate "2007.09.16"]
[EventType "team-tourn"]
[EventRounds "9"]
[EventCountry "GER"]
[SourceTitle "EXT 2009"]
[Source "ChessBase"]
[SourceDate "2008.11.26"]
[SourceVersion "1"]
[SourceVersionDate "2008.11.26"]
[SourceQuality "1"]
[WhiteTeam "Dortmund FS 98"]
[BlackTeam "Bergh Wambel"]
[WhiteTeamCountry "GER"]
[BlackTeamCountry "GER"]

1. d4 Nf6 2. c4 g6 3. Nc3 Bg7 4. e4 d6 5. f3 Nbd7 6. Be3 0-0 7. Qd2 e5 8. Nge2 exd4 9. Nxd4 Nc5 10. Be2 a5 11. 0-0 Be6 12. Rad1 Nfd7 13. b3 Qe7 14. Ncb5 Ne5 15. Rfe1 c6 16. Nxe6 cxb5 17. Nxf8 bxc4 18. Nxg6 hxg6 19. Bxc4 1-0

[Event "Ruhrgebiet VL2 0405"]
[Site "Ruhrgebiet"]
[Date "2005.04.10"]
[Round "9.2"]
[White "Reichmann, Oleg"]
[Black "Ahling, Michael"]
[Result "0-1"]
[WhiteElo "2120"]
[BlackElo "2089"]
[PlyCount "131"]
[EventDate "2004.09.12"]
[EventType "team-tourn"]
[EventRounds "9"]
[EventCountry "GER"]
[SourceTitle "EXT 2006"]
[Source "ChessBase"]
[SourceDate "2005.11.24"]
[SourceVersion "1"]
[SourceVersionDate "2005.11.24"]
[SourceQuality "1"]
[WhiteTeam "Dortmund FS 98"]
[BlackTeam "Horst"]
[WhiteTeamCountry "GER"]
[BlackTeamCountry "GER"]

1. Nf3 d5 2. g3 Nf6 3. Bg2 c6 4. 0-0 Bf5 5. d3 e6 6. Nbd2 Be7 7. h3 h6 8. Qe1 0-0 9. e4 dxe4 10. dxe4 Bh7 11. Qe2 Nbd7 12. Nh2 Nc5 13. Ng4 Qd4 14. Nxf6+ Qxf6 15. Nb3 Rfd8 16. Nxc5 Bxc5 17. c3 Rd7 18. Be3 Qe7 19. Rad1 Rad8 20. Bxc5 Qxc5 21. Rxd7 Rxd7 22. Rd1 Qe7 23. Rd4 c5 24. Rxd7 Qxd7 25. Qc4 b6 26. Qe2 Bg6 27. h4 e5 28. h5 Bh7 29. Bf3 f6 30. Bg4 Qf7 31. Qd3 Kh8 32. Qd8+ Qg8 33. Qd7 Bxe4 34. Qxa7 Qd8 35. Qd7 Qa8 36. Qc8+ Qxc8 37. Bxc8 Bd5 38. b3 Kg8 39. Kf1 Bf3 40. g4 Kf7 41. Bf5 Ke7 42. Ke1 Kd6 43. Kd2 b5 44. Ke3 Bd1 45. Kd3 Bf3 46. Ke3 Bc6 47. Be4 Bd7 48. f3 Be8 49. Bc2 b4 50. Kd2 Kc6 51. Bd3 Bf7 52. Kc2 Kb6 53. Kb2 Be8 54. a3 bxa3+ 55. Kxa3 Ka5 56. Kb2 Kb6 57. Be4 Bf7 58. Kc2 Ka5 59. Kb2 Be6 60. Ka3 Bd7 61. b4+ cxb4+ 62. cxb4+ Kb5 63. Kb3 Be6+ 64. Kc3 Kb6 65. Bd3 Bd5 66. Kd2 0-1

[Event "Ruhrgebiet VL2 0405"]
[Site "Ruhrgebiet"]
[Date "2004.10.03"]
[Round "2.3"]
[White "Reichmann, Oleg"]
[Black "Rueberg, Jobst"]
[Result "1-0"]
[WhiteElo "2120"]
[BlackElo "2087"]
[PlyCount "107"]
[EventDate "2004.09.12"]
[EventType "team-tourn"]
[EventRounds "9"]
[EventCountry "GER"]
[SourceTitle "EXT 2006"]
[Source "ChessBase"]
[SourceDate "2005.11.24"]
[SourceVersion "1"]
[SourceVersionDate "2005.11.24"]
[SourceQuality "1"]
[WhiteTeam "Dortmund FS 98"]
[BlackTeam "Ahlen"]
[WhiteTeamCountry "GER"]
[BlackTeamCountry "GER"]

1. Nf3 c5 2. g3 Nc6 3. Bg2 g6 4. d3 Bg7 5. 0-0 e5 6. e4 Nge7 7. Be3 d6 8. Qc1 0-0 9. Bh6 f6 10. Bxg7 Kxg7 11. c3 Bg4 12. h3 Be6 13. Rd1 Rc8 14. Nbd2 b5 15. Nf1 b4 16. Qd2 bxc3 17. bxc3 Qa5 18. Ne3 Rfd8 19. Ng4 Bxg4 20. hxg4 h6 21. Rac1 c4 22. d4 Qc7 23. Qe2 Na5 24. Rd2 Rb8 25. Ne1 Rb7 26. f4 Rdb8 27. g5 Rb1 28. gxf6+ Kxf6 29. fxe5+ dxe5 30. Rxb1 Rxb1 31. Kh2 Kg7 32. Nf3 exd4 33. Nxd4 Qe5 34. Bh3 Rb6 35. Qe3 Rf6 36. Nf3 Qh5 37. Kg2 Nac6 38. e5 Rxf3 39. Qxf3 Qxf3+ 40. Kxf3 Nxe5+ 41. Ke4 Nf7 42. Kd4 Ng5 43. Bg2 Nf5+ 44. Ke5 Nf7+ 45. Kf4 Kf6 46. g4 N5d6 47. a4 g5+ 48. Ke3 h5 49. gxh5 Nf5+ 50. Kf2 Ne5 51. Be4 Ng4+ 52. Ke2 Nh4 53. Rd5 Ne5 54. Rd6+ 1-0

[Event "Ruhrgebiet VL1 0304"]
[Site "Ruhrgebiet"]
[Date "2003.09.28"]
[Round "1.3"]
[White "Reichmann, Oleg"]
[Black "Barthel, Ansgar"]
[Result "1-0"]
[WhiteElo "2121"]
[BlackElo "2195"]
[PlyCount "101"]
[EventDate "2003.09.28"]
[EventType "team-tourn"]
[EventRounds "9"]
[EventCountry "GER"]
[SourceTitle "EXT 2007"]
[Source "ChessBase"]
[SourceDate "2006.11.23"]
[SourceVersion "1"]
[SourceVersionDate "2006.11.23"]
[SourceQuality "1"]
[WhiteTeam "Dortmund FS 98"]
[BlackTeam "Altstadt RE"]
[WhiteTeamCountry "GER"]
[BlackTeamCountry "GER"]

1. Nf3 g6 2. e4 Bg7 3. d4 d6 4. Nc3 Nf6 5. Be2 0-0 6. 0-0 Nbd7 7. Re1 e5 8. d5 Nc5 9. Bf1 a5 10. a3 Ne8 11. Bg5 f6 12. Be3 a4 13. b4 axb3 14. cxb3 f5 15. exf5 Bxf5 16. Bg5 Qc8 17. b4 e4 18. Nd4 Bxd4 19. Qxd4 Nb3 20. Qc4 Nxa1 21. Rxa1 Qd7 22. a4 Qg7 23. Rc1 Rf7 24. a5 Nf6 25. h3 Rc8 26. b5 Nd7 27. Nxe4 Qe5 28. Ng3 Bd3 29. Bxd3 Qxg5 30. Ne4 Qe7 31. Qd4 Qe5 32. Qb4 Rff8 33. a6 bxa6 34. bxa6 Nb6 35. Nc3 Kg7 36. a7 Qf4 37. Qb2 Qd4 38. Qc2 Nxd5 39. Nxd5 Qxd5 40. Be4 Qf7 41. Bb7 c5 42. Bxc8 Rxc8 43. Qb2+ Kh6 44. Qb8 Qf8 45. Rb1 Qf5 46. a8Q Qxb1+ 47. Qxb1 Rxa8 48. Qd3 Rc8 49. Qxd6 c4 50. Qe6 Rc7 51. Qe3+ 1-0